Statistics for UEFA Members - Only Flags will Appear

Click here to take the quiz!

General Stats

  • This quiz has been taken 747 times
  • The average score is 47 of 55

Answer Stats

UEFA Member% Correct
France
95%
Sweden
94%
England
93%
Germany
93%
Portugal
93%
Republic of Ireland
93%
Russia
93%
Spain
93%
Belgium
92%
Norway
92%
Finland
91%
Netherlands
91%
Denmark
90%
Italy
90%
Austria
89%
Croatia
89%
Serbia
89%
Slovakia
89%
Greece
88%
Iceland
88%
Poland
88%
Scotland
88%
Slovenia
88%
Switzerland
88%
Andorra
87%
Czech Republic
87%
Luxembourg
87%
Wales
87%
Hungary
86%
Latvia
86%
Lithuania
86%
Turkey
86%
Albania
85%
Belarus
85%
Bosnia and Herzegovina
85%
Bulgaria
85%
Kosovo
85%
Romania
85%
Ukraine
85%
Estonia
84%
San Marino
84%
Liechtenstein
83%
Northern Ireland
83%
Malta
80%
Moldova
80%
Cyprus
79%
Macedonia
79%
Montenegro
78%
Georgia
77%
Armenia
76%
Azerbaijan
75%
Israel
72%
Kazakhstan
68%
Gibraltar
67%
Faroe Islands
64%

Score Distribution

Percentile by Number Answered

Percent of People with Each Score

Your Score History

You have not taken this quiz